000 00487nam a2200169 i 4500
001 143015
003 ES-MaACL
005 20230906200706.0
007 t|
008 071011s1910 fr ||||1| fre d
100 1 _aVerschave, Paul.
_9114210
245 1 3 _aLe Régime légal de l'enseignement en Hollande /
_cPaul Verschave.
260 _aParis :
_bA. Rousseau,
_c1910.
300 _a352, CLXXXX p. ;
_c23 cm.
650 4 _aEnseñanza-
_zHolanda.
_9163744
852 _aES-MaACL
_jF-9406
999 _c143015
_d143015